000 00345nam a2200157Ia 4500
999 _c2665
_d2665
003 OSt
005 20190914133002.0
008 190902s9999||||xx |||||||||||||| ||und||
020 _a978-0070057227
040 _cmaju
100 _aBartol & Martin
245 0 _aManagement
260 _aIndia
_bS. Chand
_c1998
300 _a779
942 _cBK
_2ddc